[Event "Benidorm - Aficionados sub-2000 2014"]
[Site "Benidorm ESP"]
[Date "2014.12.05"]
[Round "8.9"]
[White "Roksvold, Jan"]
[Black "Garcia Lopez, Juan Antonio"]
[Result "1/2-1/2"]
[WhiteElo "1876"]
[BlackElo "1924"]
[PlyCount "34"]
[EventDate "2014.11.28"]
[EventType "swiss"]
[EventRounds "10"]
[EventCountry "ESP"]
[SourceTitle "Ajedrez en Madrid"]
[Source "lmi"]
[SourceDate "2014.11.28"]

1. Nf3 Nf6 2. g3 d5 3. Bg2 c6 4. O-O Bf5 5. d3 Nbd7 6. Nbd2 e5 7. Qe1 Bd6 8. e4
dxe4 9. Nc4 Qe7 10. Nh4 Be6 11. Nxd6+ Qxd6 12. dxe4 Qc5 13. Qd1 Bg4 14. Qd3 Qd4
15. Qa3 Qc5 16. Qd3 Qd4 17. Qa3 Qc5 1/2-1/2

[Event "Benidorm - Aficionados sub-2000 2014"]
[Site "Benidorm ESP"]
[Date "2014.12.05"]
[Round "8.10"]
[White "Perez Garcia, Juan Angel"]
[Black "Serrano Leiva, Ana"]
[Result "1/2-1/2"]
[WhiteElo "1921"]
[BlackElo "1728"]
[PlyCount "60"]
[EventDate "2014.11.28"]
[EventType "swiss"]
[EventRounds "10"]
[EventCountry "ESP"]
[SourceTitle "Ajedrez en Madrid"]
[Source "lmi"]
[SourceDate "2014.11.28"]

1. d4 Nf6 2. Nf3 e6 3. c4 c5 4. g3 d5 5. cxd5 Nxd5 6. Bg2 Nc6 7. O-O Be7 8.
dxc5 O-O 9. Qc2 Bd7 10. a3 Qa5 11. e4 Nf6 12. Bd2 Qxc5 13. Bc3 Rac8 14. b4 Qb6
15. Qb2 Rfd8 16. Nbd2 Qb5 17. Rfe1 a6 18. a4 Qb6 19. Nc4 Qc7 20. Rac1 b5 21.
axb5 axb5 22. Nce5 Qb7 23. Nxd7 Rxd7 24. Bxf6 Bxf6 25. e5 Be7 26. Nd4 Rxd4 27.
Rxc6 Rxb4 28. Qc3 Rxc6 29. Qxc6 Qxc6 30. Bxc6 h6 1/2-1/2

[Event "Benidorm - Aficionados sub-2000 2014"]
[Site "Benidorm ESP"]
[Date "2014.12.05"]
[Round "8.11"]
[White "Alnami, Salaheddin"]
[Black "Perez Garcia, Jose Miguel"]
[Result "1/2-1/2"]
[WhiteElo "1851"]
[BlackElo "1919"]
[PlyCount "66"]
[EventDate "2014.11.28"]
[EventType "swiss"]
[EventRounds "10"]
[EventCountry "ESP"]
[SourceTitle "Ajedrez en Madrid"]
[Source "lmi"]
[SourceDate "2014.11.28"]

1. e4 c5 2. Nc3 e6 3. f4 Nc6 4. Nf3 d5 5. Bb5 Nge7 6. O-O g6 7. Qe1 Bg7 8.
Bxc6+ bxc6 9. d3 O-O 10. Qh4 f5 11. e5 h6 12. Na4 c4 13. d4 Kh8 14. Nc5 Ng8 15.
Ng5 Qe7 16. Rf3 Rb8 17. Rh3 Re8 18. b3 Qc7 19. g4 Rb5 20. gxf5 exf5 21. Be3 Qa5
22. Kh1 Qc3 23. Rg1 Rxc5 24. Nf7+ Kh7 25. dxc5 d4 26. Rxg6 Kxg6 27. Qh5+ Kh7
28. Ng5+ Kh8 29. Qg6 Qe1+ 30. Bg1 Qe4+ 31. Nxe4 fxe4 32. Bxd4 Rd8 33. c3 Ba6
1/2-1/2

[Event "Benidorm - Aficionados sub-2000 2014"]
[Site "Benidorm ESP"]
[Date "2014.12.05"]
[Round "8.26"]
[White "Vila Cairo, Gerard"]
[Black "Herrero Ferrando, Salvador"]
[Result "1-0"]
[WhiteElo "1995"]
[BlackElo "1834"]
[PlyCount "39"]
[EventDate "2014.11.28"]
[EventType "swiss"]
[EventRounds "10"]
[EventCountry "ESP"]
[SourceTitle "Ajedrez en Madrid"]
[Source "lmi"]
[SourceDate "2014.11.28"]

1. e4 c5 2. a3 d6 3. b4 b6 4. Nc3 Nf6 5. e5 dxe5 6. Qf3 e4 7. Nxe4 Nd5 8. Bb5+
Bd7 9. Ng5 Nf6 10. Bc4 e6 11. Qxa8 Bc6 12. Qxa7 Nfd7 13. N1f3 h6 14. Nxf7 Qf6
15. N7e5 Bxf3 16. Nxf3 Qxa1 17. O-O Bd6 18. Re1 Kd8 19. bxc5 Nxc5 20. d4 1-0

[Event "Benidorm - Aficionados sub-2000 2014"]
[Site "Benidorm ESP"]
[Date "2014.12.05"]
[Round "8.27"]
[White "Carrascosa Campos, Juan Luis"]
[Black "Cebrian Flores, Juan Antonio"]
[Result "0-1"]
[WhiteElo "1811"]
[BlackElo "1995"]
[PlyCount "46"]
[EventDate "2014.11.28"]
[EventType "swiss"]
[EventRounds "10"]
[EventCountry "ESP"]
[SourceTitle "Ajedrez en Madrid"]
[Source "lmi"]
[SourceDate "2014.11.28"]

1. f4 e5 2. fxe5 d6 3. exd6 Bxd6 4. Nf3 g5 5. d4 g4 6. Ne5 Qf6 7. Nd2 Bf5 8. e4
Bxe5 9. dxe5 Qxe5 10. Qe2 Bd7 11. Nc4 Qe6 12. Bd2 Nc6 13. Bc3 Nf6 14. O-O-O
O-O-O 15. Re1 Rhe8 16. Nd2 Qxa2 17. Bxf6 Qa1+ 18. Nb1 Nb4 19. Bxd8 Rxd8 20. Qe3
Bb5 21. Bd3 Nxd3+ 22. Kd2 Nf4+ 23. Kc3 Ne2+ 0-1

[Event "Benidorm - Aficionados sub-2000 2014"]
[Site "Benidorm ESP"]
[Date "2014.12.05"]
[Round "8.28"]
[White "Rodriguez Marcos, Jose R"]
[Black "Buenafe Moya, Jesus"]
[Result "1-0"]
[WhiteElo "1980"]
[BlackElo "1807"]
[PlyCount "45"]
[EventDate "2014.11.28"]
[EventType "swiss"]
[EventRounds "10"]
[EventCountry "ESP"]
[SourceTitle "Ajedrez en Madrid"]
[Source "lmi"]
[SourceDate "2014.11.28"]

1. e4 g6 2. d4 Bg7 3. c4 d6 4. Nc3 Nf6 5. Nge2 O-O 6. Ng3 c5 7. d5 e6 8. Be2
exd5 9. cxd5 a6 10. a4 Qa5 11. Bd2 Re8 12. O-O Qb6 13. a5 Qc7 14. Qc1 Nbd7 15.
Bh6 b5 16. axb6 Nxb6 17. Bxg7 Kxg7 18. Nf5+ Bxf5 19. exf5 Nfxd5 20. Nxd5 Nxd5
21. Bf3 Nf4 22. f6+ Kf8 23. Qxf4 1-0

[Event "Benidorm - Aficionados sub-2000 2014"]
[Site "Benidorm ESP"]
[Date "2014.12.05"]
[Round "8.30"]
[White "Calatayud Ortega, Alberto"]
[Black "Cartagena Sanchez, Javier"]
[Result "0-1"]
[WhiteElo "1788"]
[BlackElo "1952"]
[PlyCount "53"]
[EventDate "2014.11.28"]
[EventType "swiss"]
[EventRounds "10"]
[EventCountry "ESP"]
[SourceTitle "Ajedrez en Madrid"]
[Source "lmi"]
[SourceDate "2014.11.28"]

1. d4 Nf6 2. Nf3 d6 3. c4 g6 4. g3 Bg7 5. Bg2 O-O 6. O-O Nbd7 7. Nc3 e5 8. e4
a5 9. b3 exd4 10. Nxd4 Nc5 11. Rb1 Re8 12. Re1 Ng4 13. f4 Ne6 14. Nxe6 Bxe6 15.
Nb5 c6 16. Nxd6 Qb6+ 17. Be3 Nxe3 18. Qf3 Nxc4+ 19. Kh1 Nxd6 20. g4 f5 21. gxf5
gxf5 22. e5 Bd5 23. Qg3 Bxg2+ 24. Qxg2 Ne4 25. Rxe4 fxe4 26. Rg1 Qc7 27. f5 0-1

[Event "Benidorm - Aficionados sub-2000 2014"]
[Site "Benidorm ESP"]
[Date "2014.12.05"]
[Round "8.32"]
[White "De La Fuente Ortega, Alberto"]
[Black "Elfeturi, Melad"]
[Result "0-1"]
[WhiteElo "1784"]
[BlackElo "1937"]
[PlyCount "74"]
[EventDate "2014.11.28"]
[EventType "swiss"]
[EventRounds "10"]
[EventCountry "ESP"]
[SourceTitle "Ajedrez en Madrid"]
[Source "lmi"]
[SourceDate "2014.11.28"]

1. d4 Nf6 2. Bg5 e6 3. e4 Be7 4. e5 Nd5 5. Bxe7 Qxe7 6. c4 Nf4 7. Qd2 Ng6 8.
Nf3 b6 9. Be2 Bb7 10. O-O d6 11. exd6 Qxd6 12. Nc3 a6 13. Rfd1 Nf4 14. g3 Nxe2+
15. Qxe2 Nd7 16. d5 O-O-O 17. Ng5 Qe7 18. dxe6 fxe6 19. Nxe6 Rde8 20. Nd4 Qf7
21. Qg4 Rhf8 22. Rd2 h5 23. Qd1 Ne5 24. b3 c5 25. Nd5 Bxd5 26. cxd5 cxd4 27. f4
Ng4 28. Rc2+ Kb7 29. Qxd4 Qf6 30. Rd1 Ne3 31. Rc6 Qxd4 32. Rxd4 Rf6 33. Rc3 Rd6
34. Rcd3 b5 35. Kf2 Nc2 36. h3 Nxd4 37. Rxd4 Red8 0-1

[Event "Benidorm - Aficionados sub-2000 2014"]
[Site "Benidorm ESP"]
[Date "2014.12.05"]
[Round "8.35"]
[White "Hernandez Delgado, Gabriel"]
[Black "Palacios Llorente, Javier"]
[Result "0-1"]
[WhiteElo "1923"]
[BlackElo "1735"]
[PlyCount "78"]
[EventDate "2014.11.28"]
[EventType "swiss"]
[EventRounds "10"]
[EventCountry "ESP"]
[SourceTitle "Ajedrez en Madrid"]
[Source "lmi"]
[SourceDate "2014.11.28"]

1. Nf3 Nf6 2. g3 c5 3. Bg2 Nc6 4. d3 g6 5. O-O Bg7 6. e4 d6 7. h3 O-O 8. a4 Bd7
9. Re1 Qc7 10. Nc3 a6 11. Be3 Rfd8 12. Rb1 e6 13. Bf4 Nh5 14. Bg5 Rdb8 15. g4
Nf6 16. e5 dxe5 17. Bxf6 Bxf6 18. Ne4 Be7 19. g5 Rf8 20. c3 f5 21. gxf6 Bxf6
22. Nxf6+ Rxf6 23. Ng5 Raf8 24. Ne4 Rf4 25. b4 cxb4 26. cxb4 Nd4 27. Rc1 Qd8
28. Rc5 R8f5 29. Nd6 Rg5 30. Re3 Bc6 31. Ne4 Bxe4 32. Rxe4 Qf6 33. Rxd4 Rxd4
34. Kf1 Qf5 35. Rc8+ Kg7 36. Rc7+ Kh6 37. h4 Rxh4 38. Rxb7 Rxg2 39. Kxg2 Qh3+
0-1

[Event "Benidorm - Aficionados sub-2000 2014"]
[Site "Benidorm ESP"]
[Date "2014.12.05"]
[Round "8.41"]
[White "Cardenas, Fernando Adrian"]
[Black "Salgado Gonzalez, Julio"]
[Result "1-0"]
[WhiteElo "1947"]
[BlackElo "1802"]
[PlyCount "58"]
[EventDate "2014.11.28"]
[EventType "swiss"]
[EventRounds "10"]
[EventCountry "ESP"]
[SourceTitle "Ajedrez en Madrid"]
[Source "lmi"]
[SourceDate "2014.11.28"]

1. Nf3 Nc6 2. d4 d5 3. c4 e6 4. e3 Nf6 5. Nc3 Be7 6. b3 a6 7. Bd3 Na7 8. O-O c6
9. Bb2 b6 10. e4 c5 11. e5 Ng8 12. cxd5 exd5 13. dxc5 Bxc5 14. Nxd5 Ne7 15.
Nxe7 Qxe7 16. Qe2 Nc6 17. a3 b5 18. Rac1 Bb7 19. e6 fxe6 20. Bxg7 Qxg7 21.
Qxe6+ Qe7 22. Qf5 Rf8 23. Qh5+ Kd8 24. Qxc5 Qxc5 25. Rxc5 Kc7 26. b4 Rad8 27.
Bxh7 Rf4 28. Rf5 Rc4 29. Rg5 Rf4 1-0

[Event "Benidorm - Aficionados sub-2000 2014"]
[Site "Benidorm ESP"]
[Date "2014.12.05"]
[Round "8.42"]
[White "Sancho Castiello, Federico"]
[Black "Ferrandiz Iserte, Albert"]
[Result "0-1"]
[WhiteElo "1817"]
[BlackElo "1939"]
[PlyCount "48"]
[EventDate "2014.11.28"]
[EventType "swiss"]
[EventRounds "10"]
[EventCountry "ESP"]
[SourceTitle "Ajedrez en Madrid"]
[Source "lmi"]
[SourceDate "2014.11.28"]

1. e4 e6 2. d4 d5 3. Nd2 Nf6 4. e5 Nfd7 5. Bd3 c5 6. c3 Nc6 7. Ne2 cxd4 8. cxd4
f6 9. exf6 Nxf6 10. Nf3 Bd6 11. O-O Qc7 12. Nc3 a6 13. Bg5 O-O 14. Rc1 h6 15.
Bh4 Nh5 16. Bb1 Nf4 17. Bg3 g5 18. Na4 Qe7 19. Nc5 Bxc5 20. Bxf4 Rxf4 21. Rxc5
Bd7 22. g3 Rf7 23. Qd3 Raf8 24. Rxc6 Rxf3 0-1

[Event "Benidorm - Aficionados sub-2000 2014"]
[Site "Benidorm ESP"]
[Date "2014.12.05"]
[Round "8.47"]
[White "Lopez Heras, Arturo"]
[Black "Navascues Zabaleta, Jesus"]
[Result "1-0"]
[WhiteElo "1906"]
[BlackElo "1771"]
[PlyCount "40"]
[EventDate "2014.11.28"]
[EventType "swiss"]
[EventRounds "10"]
[EventCountry "ESP"]
[SourceTitle "Ajedrez en Madrid"]
[Source "lmi"]
[SourceDate "2014.11.28"]

1. e4 d5 2. e5 c5 3. d4 cxd4 4. Qxd4 Nc6 5. Bb5 a6 6. Bxc6+ bxc6 7. Nf3 e6 8.
O-O c5 9. Qf4 h6 10. h4 Ne7 11. Nc3 Nc6 12. Rd1 Qc7 13. Na4 Bd7 14. b3 Na7 15.
Bd2 Nb5 16. c4 Na7 17. cxd5 exd5 18. e6 Qxf4 19. exd7+ Kxd7 20. Bxf4 Kc6 1-0

[Event "Benidorm - Aficionados sub-2000 2014"]
[Site "Benidorm ESP"]
[Date "2014.12.05"]
[Round "8.50"]
[White "Orube Bona, Andoni"]
[Black "Bornand, Herbert"]
[Result "1-0"]
[WhiteElo "1764"]
[BlackElo "1888"]
[PlyCount "46"]
[EventDate "2014.11.28"]
[EventType "swiss"]
[EventRounds "10"]
[EventCountry "ESP"]
[SourceTitle "Ajedrez en Madrid"]
[Source "lmi"]
[SourceDate "2014.11.28"]

1. d4 e6 2. c4 d5 3. Nf3 Nd7 4. g3 b6 5. cxd5 exd5 6. Qa4 Bb7 7. Ne5 Bd6 8. Bf4
Bxe5 9. Bxe5 f6 10. Bf4 Ne7 11. Nc3 Ng6 12. Bd2 c6 13. Bg2 O-O 14. O-O f5 15.
Qb3 Nf6 16. e4 fxe4 17. Nxe4 Ba6 18. Rfe1 Bc4 19. Nxf6+ Qxf6 20. Qe3 Rae8 21.
Qxe8 Rxe8 22. Rxe8+ Kf7 23. Rae1 Qxf2+ 1-0

[Event "Benidorm - Aficionados sub-2000 2014"]
[Site "Benidorm ESP"]
[Date "2014.12.06"]
[Round "9.1"]
[White "Buiza Prieto, Eihartze"]
[Black "Karpach, Shaban"]
[Result "1-0"]
[WhiteElo "1887"]
[BlackElo "1748"]
[PlyCount "129"]
[EventDate "2014.11.28"]
[EventType "swiss"]
[EventRounds "10"]
[EventCountry "ESP"]
[SourceTitle "Ajedrez en Madrid"]
[Source "lmi"]
[SourceDate "2014.11.28"]

1. e4 c5 2. Nf3 Nc6 3. d4 cxd4 4. Nxd4 e6 5. Nc3 Bb4 6. Ndb5 a6 7. Nd6+ Bxd6 8.
Qxd6 Nge7 9. a4 O-O 10. f4 f5 11. e5 Ng6 12. Be3 Qe7 13. Qxe7 Ncxe7 14. O-O-O
b5 15. axb5 axb5 16. Bxb5 Nc6 17. b3 Nge7 18. Bc5 Re8 19. Kb2 Rb8 20. Bd6 Rb7
21. Ra1 Nd4 22. Ba6 Ra7 23. Bxc8 Rxa1 24. Rxa1 Nxc8 25. Bc5 Nc6 26. Rd1 Rd8 27.
Na4 Kf7 28. c4 g5 29. g3 gxf4 30. gxf4 Nb8 31. Nb6 h5 32. Nxc8 Rxc8 33. Ba7 Ke7
34. Bxb8 Rxb8 35. Kc3 Rg8 36. Rd3 Rg4 37. Rf3 h4 38. c5 Kd8 39. Rf2 Kc7 40. Kc4
Rg1 41. Kb5 Rg4 42. b4 Kb7 43. Kc4 Rg1 44. Rd2 Kc7 45. b5 Rc1+ 46. Kd4 Rg1 47.
Ke3 h3 48. Kf3 Rc1 49. b6+ Kc6 50. Rd6+ Kxc5 51. b7 Rc3+ 52. Kf2 Rb3 53. Rxd7
Rb4 54. Kg3 Rb3+ 55. Kh4 Kc6 56. Rd6+ Kxb7 57. Rxe6 Rf3 58. Kg5 Rf2 59. Rh6
Rxh2 60. Kxf5 Kc7 61. Ke6 Rf2 62. f5 h2 63. f6 Rb2 64. Ke7 Re2 65. e6 1-0

[Event "Benidorm - Aficionados sub-2000 2014"]
[Site "Benidorm ESP"]
[Date "2014.12.06"]
[Round "9.2"]
[White "Bote Kobolo, Benjamin"]
[Black "Fichtinger, Leopold"]
[Result "1-0"]
[WhiteElo "1926"]
[BlackElo "1941"]
[PlyCount "56"]
[EventDate "2014.11.28"]
[EventType "swiss"]
[EventRounds "10"]
[EventCountry "ESP"]
[SourceTitle "Ajedrez en Madrid"]
[Source "lmi"]
[SourceDate "2014.11.28"]

1. e4 c6 2. Nf3 d5 3. Nc3 Bg4 4. h3 Bxf3 5. Qxf3 e6 6. exd5 cxd5 7. a4 Nc6 8.
Bb5 Bd6 9. O-O Nge7 10. Nd1 O-O 11. c3 Ne5 12. Qe3 a6 13. d4 axb5 14. dxe5 Bc7
15. Qe2 bxa4 16. f4 Nf5 17. Rf3 d4 18. Rd3 Bb6 19. Kh2 Qc7 20. g4 Nh4 21. cxd4
Rfc8 22. Nc3 Qc6 23. Be3 Bd8 24. d5 exd5 25. Nxd5 Qc2 26. Rd2 Qc4 27. Kg3 g5
28. fxg5 Ng6 1-0

[Event "Benidorm - Aficionados sub-2000 2014"]
[Site "Benidorm ESP"]
[Date "2014.12.06"]
[Round "9.4"]
[White "Jimenez Mompo, Candido"]
[Black "Penarrubia Blasco, Jose Alfred"]
[Result "1/2-1/2"]
[WhiteElo "1954"]
[BlackElo "1956"]
[PlyCount "84"]
[EventDate "2014.11.28"]
[EventType "swiss"]
[EventRounds "10"]
[EventCountry "ESP"]
[SourceTitle "Ajedrez en Madrid"]
[Source "lmi"]
[SourceDate "2014.11.28"]

1. d4 d5 2. c4 c6 3. Nc3 Nf6 4. Nf3 e6 5. e3 Nbd7 6. Qc2 Bd6 7. Bd3 dxc4 8.
Bxc4 e5 9. O-O O-O 10. Rd1 Qc7 11. h3 Re8 12. Ng5 Re7 13. Qb3 Nb6 14. Bxf7+ Kf8
15. dxe5 Bxe5 16. Be6 h6 17. Bxc8 Qxc8 18. Nf3 Bc7 19. Nh4 Rf7 20. Ng6+ Ke8 21.
e4 Ng8 22. Be3 Ne7 23. Nxe7 Kxe7 24. Bc5+ Kf6 25. e5+ Bxe5 26. Ne4+ Kg6 27. Nd6
Bxd6 28. Rxd6+ Rf6 29. Qg3+ Kf7 30. Rxf6+ gxf6 31. Re1 Nd5 32. Qh4 Qf5 33. Qe4
Qxe4 34. Rxe4 f5 35. Re5 Kg6 36. Re6+ Kh5 37. g3 Rg8 38. Kh2 b6 39. Bd6 Rg6 40.
g4+ fxg4 41. Rxg6 Kxg6 42. hxg4 h5 1/2-1/2

[Event "Benidorm - Aficionados sub-2000 2014"]
[Site "Benidorm ESP"]
[Date "2014.12.06"]
[Round "9.6"]
[White "Vallbona Domingo, Joan"]
[Black "Roksvold, Jan"]
[Result "0-1"]
[WhiteElo "1992"]
[BlackElo "1876"]
[PlyCount "58"]
[EventDate "2014.11.28"]
[EventType "swiss"]
[EventRounds "10"]
[EventCountry "ESP"]
[SourceTitle "Ajedrez en Madrid"]
[Source "lmi"]
[SourceDate "2014.11.28"]

1. Nf3 Nf6 2. c4 e6 3. g3 c5 4. Bg2 d5 5. O-O Be7 6. e3 d4 7. exd4 cxd4 8. b4
O-O 9. Bb2 Qb6 10. Bxd4 Qxb4 11. Qb3 Nc6 12. Bc3 Qc5 13. d4 Qd6 14. Re1 Qc7 15.
Nbd2 Rd8 16. Rab1 Rb8 17. Qc2 b6 18. Ne4 Bb7 19. Neg5 h6 20. d5 hxg5 21. Nxg5
Na5 22. Bxa5 bxa5 23. dxe6 Bxg2 24. exf7+ Kh8 25. Ne6 Qc6 26. Qg6 Bf8 27. Qf5
Rxb1 28. Rxb1 Qe4 29. Qxe4 Bxe4 0-1

[Event "Benidorm - Aficionados sub-2000 2014"]
[Site "Benidorm ESP"]
[Date "2014.12.06"]
[Round "9.7"]
[White "Perez Garcia, Jose Miguel"]
[Black "Abalia Patino, Aritz"]
[Result "1/2-1/2"]
[WhiteElo "1919"]
[BlackElo "1988"]
[PlyCount "97"]
[EventDate "2014.11.28"]
[EventType "swiss"]
[EventRounds "10"]
[EventCountry "ESP"]
[SourceTitle "Ajedrez en Madrid"]
[Source "lmi"]
[SourceDate "2014.11.28"]

1. Nf3 Nf6 2. c4 g6 3. Nc3 Bg7 4. g3 O-O 5. Bg2 d6 6. O-O e5 7. e4 Nbd7 8. d4
c6 9. h3 Re8 10. Be3 exd4 11. Nxd4 Nc5 12. Qc2 Qe7 13. Bg5 h6 14. Bxf6 Bxf6 15.
Rad1 Ne6 16. Nxe6 Bxe6 17. b3 Bg7 18. Rfe1 Rad8 19. Qc1 Qg5 20. Qe3 Qxe3 21.
Rxe3 f5 22. h4 Bxc3 23. Rxc3 fxe4 24. Bxe4 Bg4 25. Bf3 Bxf3 26. Rxf3 Kg7 27.
Rd2 Rf8 28. Re3 Kf7 29. Kg2 Rfe8 30. Rf3+ Kg7 31. Rf4 Re6 32. Rfd4 Kf7 33. R4d3
Ke7 34. Rf3 Re5 35. Rf4 Re6 36. Rd3 Rf8 37. Rxf8 Kxf8 38. Kf3 Ke7 39. Rd4 Re5
40. Rd2 Ke6 41. Rd3 a5 42. Rd4 d5 43. cxd5+ Rxd5 44. Re4+ Re5 45. Rd4 Rd5 46.
Re4+ Re5 47. Rd4 Rd5 48. Re4+ Re5 49. Kf4 1/2-1/2

[Event "Benidorm - Aficionados sub-2000 2014"]
[Site "Benidorm ESP"]
[Date "2014.12.06"]
[Round "9.8"]
[White "Tirado Parra, Alberto"]
[Black "Alvarez Morales, Miguel"]
[Result "1-0"]
[WhiteElo "1873"]
[BlackElo "1979"]
[PlyCount "71"]
[EventDate "2014.11.28"]
[EventType "swiss"]
[EventRounds "10"]
[EventCountry "ESP"]
[SourceTitle "Ajedrez en Madrid"]
[Source "lmi"]
[SourceDate "2014.11.28"]

1. d4 Nf6 2. Nf3 e6 3. c4 c5 4. g3 d5 5. cxd5 Nxd5 6. Bg2 Nc6 7. O-O Nf6 8.
dxc5 Qxd1 9. Rxd1 Bxc5 10. Nc3 a6 11. Bf4 Bd7 12. Rac1 Ba7 13. Bd6 Rc8 14. e3
b5 15. b4 Ne7 16. Ne5 Nf5 17. Nxd7 Nxd7 18. Ne4 Rxc1 19. Rxc1 Kd8 20. Bc7+ Ke7
21. Rc6 Rc8 22. Nd6 Nxd6 23. Bxd6+ Kd8 24. Be7+ Kxe7 25. Rxc8 Bb8 26. Bc6 Bd6
27. Ra8 Nb8 28. Bb7 Kd7 29. Ra7 Kc7 30. Be4+ Kc8 31. Rxf7 Bxb4 32. Bb7+ Kd8 33.
Rxg7 a5 34. Rxh7 Bc3 35. Be4 a4 36. Rb7 1-0

[Event "Benidorm - Aficionados sub-2000 2014"]
[Site "Benidorm ESP"]
[Date "2014.12.06"]
[Round "9.13"]
[White "Blasco Marques, Salvador"]
[Black "Alnami, Salaheddin"]
[Result "0-1"]
[WhiteElo "1942"]
[BlackElo "1851"]
[PlyCount "65"]
[EventDate "2014.11.28"]
[EventType "swiss"]
[EventRounds "10"]
[EventCountry "ESP"]
[SourceTitle "Ajedrez en Madrid"]
[Source "lmi"]
[SourceDate "2014.11.28"]

1. e4 d5 2. d4 c5 3. dxc5 e6 4. exd5 exd5 5. Nf3 Bxc5 6. Bb5+ Nc6 7. O-O Nge7
8. Nc3 Bg4 9. h3 Bh5 10. Na4 Bd6 11. c4 dxc4 12. Bxc4 O-O 13. Be2 Rc8 14. a3
Qc7 15. b4 Rfd8 16. Qb3 Bxf3 17. Qxf3 Nd4 18. Qe4 Nb3 19. Rb1 Nxc1 20. Rbxc1
Qxc1 21. Rxc1 Rxc1+ 22. Bf1 Ng6 23. g3 Bc7 24. Kg2 Rdd1 25. Qe8+ Nf8 26. Be2
Rd2 27. Nc5 Re1 28. Qc8 Rexe2 29. Qxc7 Rxf2+ 30. Kg1 Rg2+ 31. Kf1 Rdf2+ 32. Ke1
Rb2 33. Nxb7 0-1

[Event "Benidorm - Aficionados sub-2000 2014"]
[Site "Benidorm ESP"]
[Date "2014.12.06"]
[Round "9.14"]
[White "Becking, Franz Josef"]
[Black "Campos Gutierrez, Luis Maria"]
[Result "1/2-1/2"]
[WhiteElo "1933"]
[BlackElo "1844"]
[PlyCount "43"]
[EventDate "2014.11.28"]
[EventType "swiss"]
[EventRounds "10"]
[EventCountry "ESP"]
[SourceTitle "Ajedrez en Madrid"]
[Source "lmi"]
[SourceDate "2014.11.28"]

1. d4 Nf6 2. Bg5 b5 3. e3 a6 4. Nf3 Bb7 5. Nbd2 e6 6. Bd3 h6 7. Bxf6 Qxf6 8.
Ne4 Bxe4 9. Bxe4 d5 10. Bd3 c5 11. c3 Nc6 12. O-O Be7 13. Qe2 O-O 14. Rac1 e5
15. Nxe5 Nxe5 16. dxe5 Qxe5 17. Bb1 Rfe8 18. Rcd1 Rad8 19. Qf3 Bd6 20. g3 Bc7
21. Qf5 Qxf5 22. Bxf5 1/2-1/2

[Event "Benidorm - Aficionados sub-2000 2014"]
[Site "Benidorm ESP"]
[Date "2014.12.06"]
[Round "9.18"]
[White "Duenas, Alexis"]
[Black "Vila Cairo, Gerard"]
[Result "0-1"]
[WhiteElo "1912"]
[BlackElo "1995"]
[PlyCount "50"]
[EventDate "2014.11.28"]
[EventType "swiss"]
[EventRounds "10"]
[EventCountry "ESP"]
[SourceTitle "Ajedrez en Madrid"]
[Source "lmi"]
[SourceDate "2014.11.28"]

1. d4 Nf6 2. c4 c5 3. d5 b5 4. cxb5 a6 5. bxa6 g6 6. Nc3 Bg7 7. e4 d6 8. Nf3
O-O 9. Be2 Bxa6 10. O-O Qb6 11. Nd2 Nbd7 12. Kh1 Rfc8 13. Nc4 Bxc4 14. Bxc4 Qb4
15. Bd3 Ne5 16. f4 Nxd3 17. Qxd3 Qd4 18. Qe2 Rcb8 19. Rb1 Nd7 20. Be3 Qb4 21.
Qc2 Nb6 22. a3 Qa5 23. Ne2 Qa6 24. Rfc1 Rb7 25. Bd2 Qxe2 0-1

[Event "Benidorm - Aficionados sub-2000 2014"]
[Site "Benidorm ESP"]
[Date "2014.12.06"]
[Round "9.19"]
[White "Cebrian Flores, Juan Antonio"]
[Black "Haddad Filho, Paulo Ibrahim"]
[Result "0-1"]
[WhiteElo "1995"]
[BlackElo "1928"]
[PlyCount "68"]
[EventDate "2014.11.28"]
[EventType "swiss"]
[EventRounds "10"]
[EventCountry "ESP"]
[SourceTitle "Ajedrez en Madrid"]
[Source "lmi"]
[SourceDate "2014.11.28"]

1. c4 c5 2. Nc3 Nc6 3. g3 g6 4. Bg2 Bg7 5. e4 e5 6. Nge2 d6 7. d3 Nf6 8. h3 a6
9. O-O O-O 10. Be3 Rb8 11. a4 Bd7 12. f4 Nd4 13. g4 b5 14. axb5 axb5 15. b3
Nxe2+ 16. Nxe2 exf4 17. Nxf4 Ne8 18. Ra2 Nc7 19. d4 bxc4 20. bxc4 Ne6 21. dxc5
dxc5 22. Ne2 Bc6 23. Rd2 Qb6 24. Rd6 Be5 25. Bh6 Rfd8 26. Rxd8+ Rxd8 27. Qe1
Qb7 28. Nc1 Qb4 29. Qxb4 cxb4 30. Na2 Rb8 31. Bd2 b3 32. Nb4 Ba4 33. Bf3 b2 34.
Rb1 Rxb4 0-1

[Event "Benidorm - Aficionados sub-2000 2014"]
[Site "Benidorm ESP"]
[Date "2014.12.06"]
[Round "9.28"]
[White "Eizaguerri Floris, Maria"]
[Black "Gambini, Stephane"]
[Result "0-1"]
[WhiteElo "1839"]
[BlackElo "1993"]
[PlyCount "74"]
[EventDate "2014.11.28"]
[EventType "swiss"]
[EventRounds "10"]
[EventCountry "ESP"]
[SourceTitle "Ajedrez en Madrid"]
[Source "lmi"]
[SourceDate "2014.11.28"]

1. d4 Nf6 2. c4 g6 3. Nf3 Bg7 4. Bf4 d6 5. h3 O-O 6. e3 c5 7. Be2 Qa5+ 8. Nbd2
Ne4 9. O-O Nxd2 10. Nxd2 cxd4 11. Nb3 Qb6 12. exd4 a5 13. c5 dxc5 14. dxc5 Qf6
15. Bxb8 Rxb8 16. Nxa5 Qxb2 17. Nc4 Qxa1 18. Qxa1 Bxa1 19. Rxa1 Be6 20. Rb1
Bxc4 21. Bxc4 Rfc8 22. Rb5 b6 23. Kf1 bxc5 24. Rxb8 Rxb8 25. Bb3 Kg7 26. Ke2
Rd8 27. Ke3 f5 28. a4 e5 29. Bc4 Kf6 30. a5 f4+ 31. Kf3 Kf5 32. g4+ fxg3 33.
fxg3 e4+ 34. Ke3 Rd4 35. Be2 Ra4 36. a6 Ra3+ 37. Kf2 Ke5 0-1

[Event "Benidorm - Aficionados sub-2000 2014"]
[Site "Benidorm ESP"]
[Date "2014.12.06"]
[Round "9.30"]
[White "Ferrandiz Iserte, Albert"]
[Black "Fernandez Garcia, Ignacio"]
[Result "0-1"]
[WhiteElo "1939"]
[BlackElo "1834"]
[PlyCount "78"]
[EventDate "2014.11.28"]
[EventType "swiss"]
[EventRounds "10"]
[EventCountry "ESP"]
[SourceTitle "Ajedrez en Madrid"]
[Source "lmi"]
[SourceDate "2014.11.28"]

1. e4 e5 2. Nf3 Nc6 3. d4 exd4 4. Nxd4 Qh4 5. Nb5 Qd8 6. Bc4 d6 7. N1c3 a6 8.
Nd4 Nf6 9. Nxc6 bxc6 10. Bf4 Be7 11. e5 Ng4 12. e6 f5 13. h3 Nf6 14. Qe2 d5 15.
Bb3 Ne4 16. Nxe4 fxe4 17. Qh5+ g6 18. Qg4 Bf6 19. O-O-O Qe7 20. Qg3 Ra7 21. Ba4
Qxe6 22. Bxc7 O-O 23. h4 Rf7 24. Bf4 Rab7 25. Bb3 Qf5 26. Be3 a5 27. a4 Be6 28.
h5 g5 29. Kb1 h6 30. Rhf1 Be5 31. f4 exf3 32. Qxf3 Qh7 33. Qe2 Rxb3 34. Bxg5
Rxb2+ 35. Kc1 hxg5 36. Rd3 Rxf1+ 37. Qxf1 Ra2 38. Qf2 Qe4 39. g3 Qxd3 0-1